| 000 | 00391nam a2200157Ia 4500 | ||
|---|---|---|---|
| 008 | 230314s9999 xx 000 0 und d | ||
| 020 | _a978-93-5465-693-4 | ||
| 041 | _aeng | ||
| 082 | _aSO/301/SRE/B09760 | ||
| 100 | _aSreevani R | ||
| 245 | _aApplied Sociology for Nurses | ||
| 260 |
_bJaypee Brothers _aNew Delhi _c2022 |
||
| 300 | _a209p | ||
| 906 | _bBSC | ||
| 999 |
_c142491 _d142491 |
||